| 000 | 00401nam a2200145Ia 4500 | ||
|---|---|---|---|
| 008 | 230917s9999||||xx |||||||||||||| ||und|| | ||
| 040 |
_e126182 _aMAIN |
||
| 041 | _aEnglish | ||
| 082 | _a338.4791 C361I | ||
| 100 | _aChandra, Prabhas | ||
| 245 | 0 | _aInternational ecotourism: Envrionmental rules and regulations | |
| 260 |
_aNew Delhi _bKanishka Publishaers _c2003 |
||
| 300 | _a416 p. | ||
| 942 | _cBK | ||
| 999 |
_c152163 _d152163 |
||